Beginning regular expressions
Saved in:
| Main Author: | |
|---|---|
| Format: | Book |
| Language: | English |
| Published: |
[Indianapolis] :
Wrox,
[2005]
|
| Series: | Programmer to programmer
|
| Subjects: | |
| Tags: |
Add Tag
No Tags, Be the first to tag this record!
|
MARC
| LEADER | 00000nam a2200000 i 4500 | ||
|---|---|---|---|
| 001 | 1/65655 | ||
| 008 | 071203s2005 eng d | ||
| 020 | |a 0-7645-7489-2 | ||
| 035 | |l 10092750 | ||
| 040 | |a GR-MY-UA |b gre |e aacr | ||
| 041 | 0 | |a eng | |
| 082 | 0 | |a 005.52 |2 (22) | |
| 100 | 1 | |a Watt, Andrew |d 1953- | |
| 245 | 1 | 0 | |a Beginning regular expressions / |c Andrew Watt |
| 260 | |a [Indianapolis] : |b Wrox, |c [2005] | ||
| 300 | |a xxv, 742 σ.; |c 23 εκ. | ||
| 490 | 1 | |a Programmer to programmer | |
| 650 | 0 | 0 | |a Computer science. |
| 650 | 0 | 0 | |a Text processing (Computer science) |
| 830 | 0 | |a Programmer to programmer | |
| 852 | |a INST |b RHODES |e 20071203 |h 005.52 WAT |p 005400025170 |q 005400025170 |t BK |y 0 | ||
| 901 | |a BIBL4-2007-3 | ||
| 909 | |a Ρ |b 140470 | ||
| 922 | |a 4ΕΛΗ |b 200711 |c ΕΠΕΑΕΚ2/ΤΜΣ |d ΕΛΕΥΘΕΡΟΥΔΑΚΗΣ | ||
| 970 | |a ΧΑΡΙΟΠΟΛΙΤΟΥ |b ΚΩΝΣΤΑΝΤΙΝΑ |z 2007/12/03 | ||